00705nab a2200229 uc450000100070000000500170000700800410002403500110006503500210007604000130009704100080011010000260011824500920014426000100023665000110024665000160025770000280027370000270030170000280032870000230035677300960037953586620240201131545.0990831e19970815 spa  a535866 a(OCoLC)819808118 ccomduadb aspa10aRicci, H.R.4auteaut10aProduccion de materia seca de siete gramineas tropicales bajo tres frecuencias de corte aCali. aPastos aGramíneas10aGuzman, L. P.4auteaut10aPerez, P. G.4auteaut10aJuarez, V. P.4auteaut10aDiaz, A.4auteaut0 tPasturas Tropicales (Cali)gVol. 19, No. 02, Ago. 1997, p. 45-49w350272x1012-74100112015